000 00650naa a2200229 i 4500
001 80972
003 ES-MaBCM
005 20241016120825.0
008 020206s2001 esp 000 0 spa d
021 _axx
035 _a(OCoLC)1365170653
040 _cES-MaBCM
041 0 _aspa
043 _aesp
100 1 _aPizarro Nevado, Rafael
_937242
245 1 3 _aLa multa coercitiva
_cRafael Pizarro Nevado
650 2 7 _aSanción administrativa
_960171
650 2 7 _aMulta
_959497
651 2 4 _aEspaña
_9115342
773 0 _aEn:
_tRevista del poder judicial
_dMadrid : 2001
_w111617
_gn. 62, 2º trimestre, p. 375-418. - Loc. S.73
942 _cAREV
999 _c80972
_d80972